| 000 | 00884nam a2200253 i 4500 | ||
|---|---|---|---|
| 001 | 000013133 | ||
| 003 | DO-SdBNP | ||
| 005 | 20240304185510.0 | ||
| 007 | ta | ||
| 008 | 091120s1975 dr ao 001 e spa d | ||
| 040 |
_aDO-SdBNP _bspa _cBNPHU _erda |
||
| 082 | 4 |
_bS583c _222 |
|
| 100 | 1 |
_a Silié Gatón, José A., _d1920-2014 _eautor _9747 |
|
| 245 | 1 | 0 |
_aCartas a Vaganiona. / _cJosé Silié Gatón; prólogo, Luis R. del Castillo Morales. |
| 264 |
_aSanto Domingo : _bTalleres de la UASD, _c1975. |
||
| 300 |
_a297 páginas : _bIlustraciones; retratos. ; _c20 cm. |
||
| 336 |
_2rdacontent _atexto _btxt |
||
| 337 |
_2rdamedia _asin mediación _bn |
||
| 338 |
_2rdacarrier _avolumen _bnc |
||
| 500 | _aIncluye datos biográficos del autor en la contracubierta. | ||
| 590 | _aInventariado 2023 / MF | ||
| 700 | 1 |
_aCastillo Morales, Luis R. del, _eprólogo _917683 |
|
| 942 |
_2ddc _cLBS1 |
||
| 999 |
_c12775 _d12775 |
||